Grime MC Tracklist (Jme) - Statistics

General Stats
  • This quiz has been taken 7 times
  • The average score is 11 of 18
Answer Stats
Hint Answer % Correct
6 Nang
100%
1 96 Of My Life
80%
18 Brothers & Sisters
80%
16 Here
80%
10 Knock Your Block Off
80%
2 Pricks
80%
7 You Watch Me
80%
8 Badman Walking Through
60%
14 How Much
60%
3 Issmad
60%
17 Live
60%
13 Move On
60%
5 This One
60%
15 Change
40%
4 Dem Man Are Dead
40%
11 Ding Ding Ding
40%
9 You Know
40%
12 Yes Men
20%
No matching quizzes found
Score Distribution
Percent of People with Each Score
Percentile by Number Answered
Your Score History
You have not taken this quiz